Riconosci il Pokémon - Quiz n°326 - Statistics

Statistiche generali
  • Questo quiz è stato fatto 0 volte
  • Il punteggio medio è 0 su 10
Statistiche sulle risposte
Indizio Risposta % Corretto
Peso 220,0 kg, ???,? kg (Gigamax)
0%
Altezza 2,5 m; > 24,0 m (Gigamax)
0%
Tasso di cattura 45 (11.9%)
0%
Sesso 50% ♂, 50% ♀
0%
Tipo Acqua / Ghiaccio
0%
Abilità Assorbacqua; Guscioscudo; Idratazione
0%
Pokémon Lapras
0%
Tasso di allevamento Lento
0%
Stadio evoluzione Non si evolve
0%
Generazione Prima
0%
Nessun quiz corrispondente trovato
Distribuzione punteggi
Percentuale di utenti per punteggio
Percentile per numero di risposta
I tuoi punteggi nel tempo
Non hai fatto questo quiz